[Event "HUN-chT2 Erkel 1718"]
[Site "Hungary"]
[Date "2018.02.18"]
[Round "8.5"]
[White "Martian, Dragos Daniel"]
[Black "Hogye, Imre"]
[Result "1-0"]
[WhiteElo "2210"]
[BlackElo "2067"]
[PlyCount "107"]
[EventDate "2017.09.24"]
[EventType "team-tourn"]
[EventRounds "11"]
[EventCountry "HUN"]
[SourceTitle "EXT 2021"]
[Source "ChessBase"]
[SourceDate "2020.10.23"]
[SourceVersion "1"]
[SourceVersionDate "2020.10.23"]
[SourceQuality "1"]
[WhiteTeam "Szigetszentmiklos"]
[BlackTeam "Jaszbereny"]
[WhiteTeamCountry "HUN"]
[BlackTeamCountry "HUN"]

1. e4 c5 2. c3 e6 3. d4 d5 4. exd5 exd5 5. Nf3 Nf6 6. Bg5 cxd4 7. Nxd4 Be7 8. Nd2 0-0 9. Bd3 Nc6 10. N2f3 Bg4 11. Qb1 h6 12. Be3 Re8 13. 0-0 Bf8 14. h3 Bd7 15. Re1 Ne5 16. Nxe5 Rxe5 17. Qc2 Qc8 18. Bf4 Rxe1+ 19. Rxe1 Qc5 20. Be5 Re8 21. Re3 Qb6 22. Nb3 a6 23. Qe2 Nh7 24. Bb1 g6 25. Qf3 Bc6 26. Bd4 Qd8 27. h4 Rxe3 28. Qxe3 Qe7 29. Bd3 Qxe3 30. Bxe3 h5 31. Na5 Bb5 32. Bxb5 axb5 33. Nxb7 Nf6 34. f3 Nd7 35. Bd4 Be7 36. g3 f6 37. b3 Kf7 38. a4 bxa4 39. bxa4 Nb8 40. Bc5 Bxc5+ 41. Nxc5 Nc6 42. Nb3 Ke7 43. Kf2 Kd6 44. Ke3 Ne5 45. a5 g5 46. a6 gxh4 47. a7 Nc4+ 48. Kf4 Nb6 49. gxh4 Kc6 50. Kf5 Kb7 51. Kxf6 Na4 52. Kg5 Nxc3 53. Kxh5 Ne2 54. Kg4 1-0

[Event "HUN-chT2 Erkel 1718"]
[Site "Hungary"]
[Date "2017.12.03"]
[Round "5.6"]
[White "Centgraf, Jozsef"]
[Black "Hogye, Imre"]
[Result "0-1"]
[WhiteElo "2149"]
[BlackElo "2067"]
[PlyCount "70"]
[EventDate "2017.09.24"]
[EventType "team-tourn"]
[EventRounds "11"]
[EventCountry "HUN"]
[SourceTitle "EXT 2021"]
[Source "ChessBase"]
[SourceDate "2020.10.23"]
[SourceVersion "1"]
[SourceVersionDate "2020.10.23"]
[SourceQuality "1"]
[WhiteTeam "Sarkany DSE"]
[BlackTeam "Jaszbereny"]
[WhiteTeamCountry "HUN"]
[BlackTeamCountry "HUN"]

1. Nf3 d5 2. c4 e6 3. g3 Nf6 4. Bg2 Be7 5. 0-0 0-0 6. d4 b6 7. Nc3 Bb7 8. cxd5 Nxd5 9. Qc2 Nxc3 10. bxc3 Nd7 11. Ng5 Bxg5 12. Bxb7 Rb8 13. Be4 Bxc1 14. Bxh7+ Kh8 15. Raxc1 f5 16. Bxf5 exf5 17. e4 fxe4 18. Qxe4 Qf6 19. Rb1 c6 20. Rbd1 Rbe8 21. Qg2 Kg8 22. f4 Qe6 23. Qc2 Qe3+ 24. Rf2 Nf6 25. Rd3 Qe1+ 26. Rf1 Qe6 27. c4 Ng4 28. d5 cxd5 29. cxd5 Qe2 30. Qxe2 Rxe2 31. h3 Re3 32. Rf3 Rxf3 33. Rxf3 Nf6 34. Rd3 Rd8 35. d6 Ne4 0-1

[Event "HUN-chT2 Erkel 1718"]
[Site "Hungary"]
[Date "2017.11.26"]
[Round "4.5"]
[White "Sillye, Kalman"]
[Black "Hogye, Imre"]
[Result "1-0"]
[WhiteElo "2039"]
[BlackElo "2067"]
[PlyCount "105"]
[EventDate "2017.09.24"]
[EventType "team-tourn"]
[EventRounds "11"]
[EventCountry "HUN"]
[SourceTitle "EXT 2021"]
[Source "ChessBase"]
[SourceDate "2020.10.23"]
[SourceVersion "1"]
[SourceVersionDate "2020.10.23"]
[SourceQuality "1"]
[WhiteTeam "Szada GSBE"]
[BlackTeam "Jaszbereny"]
[WhiteTeamCountry "HUN"]
[BlackTeamCountry "HUN"]

1. d4 Nf6 2. Nf3 e6 3. Bf4 d5 4. e3 Bd6 5. Bd3 0-0 6. Nbd2 c5 7. Bxd6 Qxd6 8. c3 Nc6 9. 0-0 e5 10. dxe5 Nxe5 11. Nxe5 Qxe5 12. Nf3 Qh5 13. Be2 Bg4 14. Re1 Rfd8 15. Nd2 Bxe2 16. Qxe2 Qxe2 17. Rxe2 Rd7 18. Nb3 b6 19. Rd1 Rad8 20. f3 Kf8 21. Kf2 Rd6 22. Red2 Ke7 23. g4 Ne8 24. h4 Kd7 25. Rxd5 Kc6 26. Rxd6+ Rxd6 27. Rxd6+ Nxd6 28. Nd2 a5 29. e4 f6 30. Ke3 b5 31. f4 Nf7 32. Nf3 Nh6 33. Nh2 Nf7 34. Nf3 Nh6 35. g5 Nf7 36. h5 h6 37. g6 Nd6 38. b3 Kd7 39. f5 Kc6 40. Kf4 Ne8 41. Nd2 b4 42. c4 Kd6 43. Nf3 Ke7 44. Nh2 Nd6 45. Ng4 a4 46. Ne3 a3 47. e5 Nb7 48. Nd5+ Kf8 49. Nc7 fxe5+ 50. Kxe5 Ke7 51. Ne6 Nd6 52. Nxc5 Ne8 53. Ne4 1-0

[Event "HUN-chT2 Erkel 1718"]
[Site "Hungary"]
[Date "2017.10.29"]
[Round "3.5"]
[White "Szekeres, Tibor"]
[Black "Hogye, Imre"]
[Result "1/2-1/2"]
[WhiteElo "2007"]
[BlackElo "2067"]
[PlyCount "41"]
[EventDate "2017.09.24"]
[EventType "team-tourn"]
[EventRounds "11"]
[EventCountry "HUN"]
[SourceTitle "EXT 2021"]
[Source "ChessBase"]
[SourceDate "2020.10.23"]
[SourceVersion "1"]
[SourceVersionDate "2020.10.23"]
[SourceQuality "1"]
[WhiteTeam "Pestszentlorinc"]
[BlackTeam "Jaszbereny"]
[WhiteTeamCountry "HUN"]
[BlackTeamCountry "HUN"]

1. d4 Nf6 2. c4 e6 3. Nf3 Be7 4. g3 b6 5. Bg2 Bb7 6. Nc3 d5 7. Ne5 0-0 8. cxd5 exd5 9. 0-0 h6 10. Qa4 a6 11. a3 Qd6 12. Nd3 c5 13. dxc5 bxc5 14. b4 c4 15. Nc5 Bc6 16. Qc2 Qe5 17. Bf4 Qh5 18. Bf3 Qh3 19. Bg2 Qh5 20. Bf3 Qh3 21. Bg2 1/2-1/2

[Event "HUN-chT2 Erkel 1617"]
[Site "Hungary"]
[Date "2017.04.09"]
[Round "11.8"]
[White "Hogye, Imre"]
[Black "Horvath, Kalman"]
[Result "1/2-1/2"]
[WhiteElo "2081"]
[BlackElo "2024"]
[PlyCount "58"]
[EventDate "2016.09.25"]
[EventType "team-tourn"]
[EventRounds "11"]
[EventCountry "HUN"]
[SourceTitle "EXT 2021"]
[Source "ChessBase"]
[SourceDate "2020.10.23"]
[SourceVersion "1"]
[SourceVersionDate "2020.10.23"]
[SourceQuality "1"]
[WhiteTeam "Jaszbereny"]
[BlackTeam "Szigetszentmiklos"]
[WhiteTeamCountry "HUN"]
[BlackTeamCountry "HUN"]

1. d4 d5 2. Nf3 c6 3. Bf4 Qb6 4. b3 g6 5. e3 Bg7 6. Bd3 f6 7. 0-0 Nd7 8. Bg3 e5 9. Be2 Ne7 10. c3 0-0 11. a4 a5 12. Nbd2 Nf5 13. Rb1 e4 14. Ne1 h5 15. h3 Nxg3 16. fxg3 Qc7 17. Rf2 Qxg3 18. Nf1 Qg5 19. g3 f5 20. h4 Qh6 21. Ng2 Nf6 22. Nh2 Ng4 23. Nxg4 hxg4 24. Nf4 Rd8 25. b4 axb4 26. cxb4 Bf8 27. Qb3 Bd6 28. Rh2 Bxf4 29. gxf4 Be6 1/2-1/2

[Event "HUN-chT2 Erkel 1516"]
[Site "Hungary"]
[Date "2015.11.29"]
[Round "5.7"]
[White "Hogye, Imre"]
[Black "Huszar, Mark"]
[Result "1-0"]
[WhiteElo "2066"]
[BlackElo "1880"]
[PlyCount "163"]
[EventDate "2015.09.13"]
[EventType "team-tourn"]
[EventRounds "11"]
[EventCountry "HUN"]
[SourceTitle "CBM 170 Extra"]
[Source "ChessBase"]
[SourceDate "2016.02.25"]
[SourceVersion "1"]
[SourceVersionDate "2016.02.25"]
[SourceQuality "1"]
[WhiteTeam "Jaszbereny"]
[BlackTeam "Paszto"]
[WhiteTeamCountry "HUN"]
[BlackTeamCountry "HUN"]

1. d4 d5 2. Nf3 Nf6 3. Bf4 Bf5 4. e3 e6 5. Bd3 Bxd3 6. Qxd3 c6 7. Nbd2 Bd6 8. Bxd6 Qxd6 9. Ne5 Nbd7 10. f4 0-0 11. 0-0 Qe7 12. Rae1 Nxe5 13. fxe5 Nd7 14. e4 Qb4 15. exd5 cxd5 16. a3 Qb6 17. b3 f6 18. exf6 Rxf6 19. Rxf6 Nxf6 20. c4 Rd8 21. c5 Qc6 22. b4 a6 23. Qb3 b6 24. a4 bxc5 25. bxc5 Nd7 26. Nf3 Rb8 27. Qe3 Re8 28. a5 Qc7 29. Qc3 Nf6 30. Rb1 Ne4 31. Qb4 Qf4 32. Qe1 e5 33. dxe5 Nxc5 34. Rd1 Qe4 35. Qd2 Rd8 36. Re1 Qf5 37. Qd4 Ne6 38. Qb6 d4 39. Qxa6 d3 40. Rd1 Nf4 41. Qc4+ Kh8 42. Qa2 Qe4 43. Ng5 Qe3+ 44. Kh1 Rd5 45. g3 Qe2 46. Qd2 Qxd2 47. Rxd2 Ng6 48. Nf3 Nxe5 49. Nxe5 Rxe5 50. Rxd3 Kg8 51. Ra3 Re7 52. a6 Ra7 53. Kg2 Kf7 54. Kf3 Kf6 55. Ke4 Ke6 56. h4 g6 57. g4 Kd6 58. h5 Ke6 59. Ra5 g5 60. Rxg5 Rxa6 61. Rg7 Ra4+ 62. Kf3 Kf6 63. Rxh7 Kg5 64. Rg7+ Kh6 65. Rg6+ Kh7 66. Re6 Rb4 67. Re4 Rb5 68. Kf4 Ra5 69. g5 Rb5 70. Re7+ Kg8 71. h6 Rb1 72. g6 Rb8 73. Kg5 Ra8 74. Kf6 Kh8 75. Rd7 Re8 76. Kf7 Rf8+ 77. Ke7 Ra8 78. Rd8+ Rxd8 79. Kxd8 Kg8 80. Ke7 Kh8 81. Kf6 Kg8 82. g7 1-0

[Event "HUN-chT2 Erkel 1516"]
[Site "Hungary"]
[Date "2015.09.13"]
[Round "1.7"]
[White "Hogye, Imre"]
[Black "Rozsnyai, Tibor"]
[Result "1/2-1/2"]
[WhiteElo "2066"]
[BlackElo "2012"]
[PlyCount "43"]
[EventDate "2015.09.13"]
[EventType "team-tourn"]
[EventRounds "11"]
[EventCountry "HUN"]
[SourceTitle "CBM 170 Extra"]
[Source "ChessBase"]
[SourceDate "2016.02.25"]
[SourceVersion "1"]
[SourceVersionDate "2016.02.25"]
[SourceQuality "1"]
[WhiteTeam "Jaszbereny"]
[BlackTeam "MAFC"]
[WhiteTeamCountry "HUN"]
[BlackTeamCountry "HUN"]

1. d4 Nf6 2. Nf3 d5 3. Bf4 c5 4. e3 Nc6 5. c3 Qb6 6. Qb3 c4 7. Qc2 Bf5 8. Qc1 e6 9. Be2 Qd8 10. 0-0 Bd6 11. Bxd6 Qxd6 12. Nbd2 0-0 13. Nh4 b5 14. Nxf5 exf5 15. Qc2 g6 16. Rfe1 Rfe8 17. Bf1 Re7 18. g3 Rae8 19. Bg2 Ne4 20. b4 a5 21. Bxe4 fxe4 22. a3 1/2-1/2

[Event "HUN-chT2 Erkel 1415"]
[Site "Hungary"]
[Date "2015.04.26"]
[Round "9.8"]
[White "Bodrogi, Mihaly"]
[Black "Hogye, Imre"]
[Result "0-1"]
[WhiteElo "2074"]
[BlackElo "2091"]
[PlyCount "80"]
[EventDate "2014.09.28"]
[EventType "team-tourn"]
[EventRounds "9"]
[EventCountry "HUN"]
[SourceTitle "EXT 2016"]
[Source "ChessBase"]
[SourceDate "2015.10.08"]
[SourceVersion "1"]
[SourceVersionDate "2015.10.08"]
[SourceQuality "1"]
[WhiteTeam "BEAC"]
[BlackTeam "Jaszbereny"]
[WhiteTeamCountry "HUN"]
[BlackTeamCountry "HUN"]

1. d4 Nf6 2. Nf3 e6 3. Bg5 Be7 4. c4 d5 5. e3 h6 6. Bxf6 Bxf6 7. Nc3 0-0 8. Qc2 c5 9. Rd1 cxd4 10. Nxd4 Qa5 11. cxd5 exd5 12. Be2 Nc6 13. 0-0 Nxd4 14. exd4 Bd7 15. Bf3 Bc6 16. a3 Rfd8 17. Rfe1 Rd6 18. h3 b5 19. Ne2 Re8 20. Rf1 Bg5 21. Qc3 Qxc3 22. Nxc3 a5 23. Rfe1 Rc8 24. g3 b4 25. axb4 axb4 26. Ne2 Ba4 27. Ra1 Bd2 28. Rf1 Bb3 29. Nc1 Bc2 30. Bd1 b3 31. Be2 Rdc6 32. Nd3 Rc4 33. Nc5 Rxd4 34. Nd7 Re4 35. Bf3 Rd4 36. Nb6 Rd8 37. Ra4 Rxa4 38. Nxa4 d4 39. Nc5 d3 40. Ne4 Bb4 0-1

[Event "HUN-chT2 Toth 1314"]
[Site "Hungary"]
[Date "2013.10.20"]
[Round "3.10"]
[White "Hogye, Imre"]
[Black "Alcer, Fabian"]
[Result "1/2-1/2"]
[WhiteElo "2075"]
[BlackElo "1788"]
[PlyCount "119"]
[EventDate "2013.09.08"]
[EventType "team-tourn"]
[EventRounds "11"]
[EventCountry "HUN"]
[SourceTitle "EXT 2016"]
[Source "ChessBase"]
[SourceDate "2015.10.08"]
[SourceVersion "1"]
[SourceVersionDate "2015.10.08"]
[SourceQuality "1"]
[WhiteTeam "Ujszasz"]
[BlackTeam "Szeged Maroczy II"]
[WhiteTeamCountry "HUN"]
[BlackTeamCountry "HUN"]

1. d4 Nf6 2. Nf3 g6 3. Bf4 Bg7 4. e3 d6 5. h3 0-0 6. Bd3 Nd5 7. Bg3 Nb4 8. Bc4 Bf5 9. Na3 d5 10. Be2 c5 11. c3 N4a6 12. 0-0 Qb6 13. Qd2 cxd4 14. exd4 Nc6 15. Rfe1 Nc7 16. Nh4 Bd7 17. Bd3 Rfe8 18. f4 e5 19. fxe5 Nxe5 20. Bf1 f6 21. Kh1 Nf7 22. Bd3 Ne6 23. Nf3 Bh6 24. Qc2 Neg5 25. Nxg5 Bxg5 26. Qb3 Qxb3 27. axb3 a6 28. Nc2 Rxe1+ 29. Rxe1 Re8 30. Rxe8+ Bxe8 31. Nb4 Bc6 32. Nxc6 bxc6 33. Bxa6 Bc1 34. Bc7 Bxb2 35. Ba5 Nd6 36. Bc7 Nb5 37. Bxb5 cxb5 38. Ba5 Kf7 39. Kg1 Ke6 40. Kf2 h5 41. Ke2 Ba3 42. Bc7 g5 43. Kd2 Bd6 44. Bd8 g4 45. hxg4 hxg4 46. Kd3 f5 47. c4 dxc4+ 48. bxc4 bxc4+ 49. Kxc4 f4 50. Ba5 Be7 51. Be1 g3 52. Kd3 Kd5 53. Ke2 Ke4 54. d5 Bc5 55. Bd2 Bd6 56. Be1 Kxd5 57. Kf3 Ke5 58. Bc3+ Kf5 59. Bd2 Be5 60. Bc1 1/2-1/2

[Event "HUN-chT2 Toth 1314"]
[Site "Hungary"]
[Date "2013.09.08"]
[Round "1.9"]
[White "Kiss, Balazs Janos"]
[Black "Hogye, Imre"]
[Result "0-1"]
[WhiteElo "1639"]
[BlackElo "2075"]
[PlyCount "94"]
[EventDate "2013.09.08"]
[EventType "team-tourn"]
[EventRounds "11"]
[EventCountry "HUN"]
[SourceTitle "EXT 2016"]
[Source "ChessBase"]
[SourceDate "2015.10.08"]
[SourceVersion "1"]
[SourceVersionDate "2015.10.08"]
[SourceQuality "1"]
[WhiteTeam "Roszke"]
[BlackTeam "Ujszasz"]
[WhiteTeamCountry "HUN"]
[BlackTeamCountry "HUN"]

1. d4 Nf6 2. Nf3 d5 3. Bf4 e6 4. e3 Bd6 5. Bxd6 Qxd6 6. c3 Nbd7 7. Nbd2 0-0 8. Bd3 Re8 9. Qc2 c5 10. b3 e5 11. dxe5 Nxe5 12. Nxe5 Qxe5 13. Nf3 Qd6 14. Rd1 Bg4 15. Be2 Rad8 16. 0-0 Bxf3 17. Bxf3 b5 18. c4 bxc4 19. bxc4 d4 20. exd4 cxd4 21. Rd3 Qc5 22. Rfd1 Re6 23. g3 Red6 24. Rb3 a6 25. Be2 Nd7 26. Bd3 g6 27. f4 Nb6 28. Rc1 Na4 29. Re1 Re6 30. Rxe6 fxe6 31. Kf1 Qh5 32. Qe2 Qh3+ 33. Ke1 Nc5 34. g4 Qe3 35. Qxe3 dxe3 36. Bc2 Nxb3 37. Bxb3 Rd2 38. c5 Kf8 39. c6 Ke7 40. c7 Kd7 41. c8Q+ Kxc8 42. Bxe6+ Kc7 43. Bc4 a5 44. f5 gxf5 45. gxf5 Rf2 46. Be6 Rf4 47. Bb3 e2 0-1

[Event "HUN-chT2 Toth 1213"]
[Site "Hungary"]
[Date "2013.03.03"]
[Round "8.9"]
[White "Moczo, Istvan"]
[Black "Hogye, Imre"]
[Result "1/2-1/2"]
[WhiteElo "1976"]
[BlackElo "2054"]
[PlyCount "31"]
[EventDate "2012.09.16"]
[EventType "team-tourn"]
[EventRounds "11"]
[EventCountry "HUN"]
[SourceTitle "EXT 2014"]
[Source "ChessBase"]
[SourceDate "2013.11.20"]
[SourceVersion "1"]
[SourceVersionDate "2013.11.20"]
[SourceQuality "1"]
[WhiteTeam "Takisz"]
[BlackTeam "Ujszasz"]
[WhiteTeamCountry "HUN"]
[BlackTeamCountry "HUN"]

1. d4 Nf6 2. c4 e6 3. Nc3 d5 4. Bg5 Be7 5. e3 0-0 6. Nf3 h6 7. Bxf6 Bxf6 8. Qb3 dxc4 9. Qc2 c5 10. 0-0-0 Qa5 11. Bxc4 a6 12. dxc5 Bxc3 13. Qxc3 Qxc3+ 14. bxc3 Nd7 15. c6 bxc6 16. Rd6 1/2-1/2

[Event "HUN-chT2 Toth 1213"]
[Site "Hungary"]
[Date "2012.09.16"]
[Round "1.7"]
[White "Hogye, Imre"]
[Black "Revesz, Bela"]
[Result "1-0"]
[WhiteElo "2054"]
[BlackElo "1958"]
[PlyCount "43"]
[EventDate "2012.09.16"]
[EventType "team-tourn"]
[EventRounds "11"]
[EventCountry "HUN"]
[SourceTitle "EXT 2014"]
[Source "ChessBase"]
[SourceDate "2013.11.20"]
[SourceVersion "1"]
[SourceVersionDate "2013.11.20"]
[SourceQuality "1"]
[WhiteTeam "Ujszasz"]
[BlackTeam "Bekes"]
[WhiteTeamCountry "HUN"]
[BlackTeamCountry "HUN"]

1. d4 g6 2. c4 Bg7 3. Nc3 d6 4. e4 f5 5. exf5 Bxf5 6. Bd3 Qd7 7. Nge2 Nc6 8. Be3 0-0-0 9. a3 Kb8 10. Bxf5 Qxf5 11. Qa4 Qa5 12. Qd1 Qa6 13. b3 Nh6 14. Bxh6 Bxh6 15. 0-0 e5 16. d5 Ne7 17. Qd3 Bg7 18. b4 Nf5 19. a4 Nd4 20. Nxd4 exd4 21. a5 b6 22. Nb5 1-0

[Event "HUN-chT2 Erkel 1112"]
[Site "Hungary"]
[Date "2012.01.29"]
[Round "5.10"]
[White "Tomasek, Tamas Mate"]
[Black "Hogye, Imre"]
[Result "1-0"]
[WhiteElo "2013"]
[BlackElo "2083"]
[PlyCount "103"]
[EventDate "2011.09.25"]
[EventType "team-tourn"]
[EventRounds "11"]
[EventCountry "HUN"]
[SourceTitle "EXT 2013"]
[Source "ChessBase"]
[SourceDate "2012.11.22"]
[SourceVersion "1"]
[SourceVersionDate "2012.11.22"]
[SourceQuality "1"]
[WhiteTeam "Foti"]
[BlackTeam "Ujszasz"]
[WhiteTeamCountry "HUN"]
[BlackTeamCountry "HUN"]

1. d4 Nf6 2. Nf3 b6 3. c4 e6 4. g3 Bb7 5. Bg2 d5 6. cxd5 exd5 7. 0-0 Be7 8. Bf4 0-0 9. Qc2 c5 10. Nc3 Nc6 11. dxc5 bxc5 12. Qb3 Na5 13. Qb5 a6 14. Qa4 d4 15. Nb1 Bc6 16. Qc2 Be4 17. Qc1 Nd5 18. Bd2 Rc8 19. Na3 Bf6 20. Nc4 Nxc4 21. Qxc4 Qd6 22. Rac1 h6 23. b3 Rfe8 24. Ne1 Bxg2 25. Nxg2 Qe6 26. Rfe1 Qe4 27. Nf4 Nxf4 28. Bxf4 a5 29. Qb5 Qd5 30. Qxa5 g5 31. Bc7 Be7 32. Qb6 h5 33. f4 h4 34. e4 dxe3 35. gxh4 gxh4 36. Rxe3 Bf6 37. Rxe8+ Rxe8 38. Qxf6 Kh7 39. Qxh4+ Kg6 40. Qg5+ Qxg5+ 41. fxg5 Kxg5 42. Rxc5+ Kg4 43. Kf2 f5 44. b4 Re4 45. b5 Rb4 46. b6 Rb2+ 47. Ke3 f4+ 48. Bxf4 Rxb6 49. Rg5+ Kh4 50. Rg2 Ra6 51. Bg3+ Kg4 52. Rf2 1-0

[Event "HUN-chT2 Erkel 1011"]
[Site "Hungary"]
[Date "2011.05.15"]
[Round "11.8"]
[White "Hogye, Imre"]
[Black "Marosi, Levente"]
[Result "1-0"]
[WhiteElo "2086"]
[BlackElo "1721"]
[PlyCount "125"]
[EventDate "2010.09.12"]
[EventType "team-tourn"]
[EventRounds "11"]
[EventCountry "HUN"]
[SourceTitle "EXT 2012"]
[Source "ChessBase"]
[SourceDate "2011.11.24"]
[SourceVersion "1"]
[SourceVersionDate "2011.11.24"]
[SourceQuality "1"]
[WhiteTeam "Ujszasz"]
[BlackTeam "Toth Laszlo"]
[WhiteTeamCountry "HUN"]
[BlackTeamCountry "HUN"]

1. d4 Nf6 2. Nf3 g6 3. Bf4 Bg7 4. Nbd2 d6 5. h3 0-0 6. e3 c5 7. c3 Nc6 8. Bd3 cxd4 9. Nxd4 Ne5 10. Be2 Nd5 11. Bg3 Nc6 12. Bf3 Nxd4 13. exd4 Nb6 14. 0-0 f5 15. Re1 g5 16. Qb3+ Kh8 17. Rad1 Bd7 18. Qa3 Bc6 19. Bxc6 bxc6 20. f3 h5 21. Re6 Rf6 22. Rde1 Rxe6 23. Rxe6 Qd7 24. Re1 e5 25. Bf2 Rf8 26. Qa6 g4 27. hxg4 fxg4 28. Qd3 gxf3 29. Nxf3 Nd5 30. Ng5 Bh6 31. Qg6 Rf6 32. Qxh5 Nf4 33. Qh2 Kg7 34. dxe5 dxe5 35. Nf3 Qg4 36. Nxe5 Qf5 37. Qg3+ Kh8 38. Qg4 Nh3+ 39. Kh2 Nxf2 40. Qxf5 Rxf5 41. Nxc6 a6 42. Nd4 Rh5+ 43. Kg3 Nd3 44. Re6 Nc5 45. Rc6 a5 46. b4 Ne4+ 47. Kf3 Nxc3 48. Rxc3 axb4 49. Rb3 Ra5 50. Rxb4 Rxa2 51. Rb7 Bg7 52. Nf5 Bf6 53. Rf7 Ra3+ 54. Kg4 Be5 55. Kh5 Ra2 56. g4 Rg2 57. Nh6 Bg7 58. Nf5 Be5 59. Ne7 Bg7 60. g5 Rh2+ 61. Kg6 Rh7 62. Nf5 Rh1 63. Nxg7 1-0

[Event "HUN-chT2 Erkel 1011"]
[Site "Hungary"]
[Date "2011.04.17"]
[Round "9.9"]
[White "Szlabey, Geza"]
[Black "Hogye, Imre"]
[Result "0-1"]
[WhiteElo "1979"]
[BlackElo "2086"]
[PlyCount "104"]
[EventDate "2010.09.12"]
[EventType "team-tourn"]
[EventRounds "11"]
[EventCountry "HUN"]
[SourceTitle "EXT 2012"]
[Source "ChessBase"]
[SourceDate "2011.11.24"]
[SourceVersion "1"]
[SourceVersionDate "2011.11.24"]
[SourceQuality "1"]
[WhiteTeam "Foti"]
[BlackTeam "Ujszasz"]
[WhiteTeamCountry "HUN"]
[BlackTeamCountry "HUN"]

1. e4 c5 2. Nf3 Nc6 3. Bb5 g6 4. 0-0 Bg7 5. c3 e5 6. d3 Nge7 7. Qc2 0-0 8. Be3 b6 9. a4 Bb7 10. Nbd2 d5 11. exd5 Nxd5 12. Nc4 Qc7 13. Bd2 a6 14. Bxc6 Bxc6 15. Ne3 Nf4 16. Ne1 Rad8 17. f3 Qd7 18. Nc4 b5 19. Nb6 Qf5 20. Bxf4 exf4 21. a5 Rfe8 22. Rd1 Re3 23. d4 Rxe1 24. Qxf5 Rxf1+ 25. Kxf1 gxf5 26. d5 Bd7 27. Rd2 Be5 28. Ke2 Bc7 29. b3 Bxb6 30. axb6 Rb8 31. Kd3 Rxb6 32. Ra2 Kf8 33. c4 Ke7 34. Kc3 Kd6 35. g3 fxg3 36. hxg3 Kc7 37. Kd3 Rg6 38. Ke3 Kb6 39. Kf4 f6 40. Re2 Rg7 41. cxb5 Kxb5 42. Re3 Kb4 43. d6 a5 44. Rd3 a4 45. bxa4 c4 46. Rd4 Kc5 47. Rd2 c3 48. Rc2 Kd4 49. a5 Kd3 50. Rc1 c2 51. a6 Kd2 52. a7 Rg8 0-1

[Event "HUN-chT2 Erkel 1011"]
[Site "Hungary"]
[Date "2010.11.21"]
[Round "6.8"]
[White "Toth, Barnabas"]
[Black "Hogye, Imre"]
[Result "1/2-1/2"]
[WhiteElo "2024"]
[BlackElo "2086"]
[PlyCount "37"]
[EventDate "2010.09.12"]
[EventType "team-tourn"]
[EventRounds "11"]
[EventCountry "HUN"]
[SourceTitle "EXT 2012"]
[Source "ChessBase"]
[SourceDate "2011.11.24"]
[SourceVersion "1"]
[SourceVersionDate "2011.11.24"]
[SourceQuality "1"]
[WhiteTeam "Jaszbereny"]
[BlackTeam "Ujszasz"]
[WhiteTeamCountry "HUN"]
[BlackTeamCountry "HUN"]

1. e4 c5 2. Nf3 Nc6 3. d4 cxd4 4. Nxd4 Nf6 5. Nc3 e5 6. Ndb5 d6 7. Bg5 Be6 8. Nd5 Bxd5 9. exd5 Nb8 10. a4 a6 11. Na3 Nbd7 12. c4 Qa5+ 13. Bd2 Qd8 14. Bg5 Qa5+ 15. Bd2 Qd8 16. Bg5 Qa5+ 17. Bd2 Qd8 18. Bg5 Qa5+ 19. Bd2 1/2-1/2

[Event "HUN-chT2 Erkel 1011"]
[Site "Hungary"]
[Date "2010.10.10"]
[Round "3.8"]
[White "Hogye, Imre"]
[Black "Kiss, Pal Vac"]
[Result "0-1"]
[WhiteElo "2086"]
[BlackElo "2057"]
[PlyCount "76"]
[EventDate "2010.09.12"]
[EventType "team-tourn"]
[EventRounds "11"]
[EventCountry "HUN"]
[SourceTitle "EXT 2012"]
[Source "ChessBase"]
[SourceDate "2011.11.24"]
[SourceVersion "1"]
[SourceVersionDate "2011.11.24"]
[SourceQuality "1"]
[WhiteTeam "Ujszasz"]
[BlackTeam "Vaci"]
[WhiteTeamCountry "HUN"]
[BlackTeamCountry "HUN"]

1. d4 Nf6 2. Nf3 g6 3. Bf4 Bg7 4. h3 b6 5. e3 Bb7 6. Nbd2 d6 7. Bd3 Nbd7 8. 0-0 0-0 9. e4 Nh5 10. Bh2 e5 11. dxe5 Nxe5 12. Nxe5 Bxe5 13. Bxe5 dxe5 14. Nc4 Qe7 15. Re1 Rad8 16. Qg4 Rd4 17. h4 h6 18. Ne3 Bc8 19. Nd5 Rxd5 20. Qf3 Rd6 21. g3 Qf6 22. Qe3 Kh7 23. Be2 Ng7 24. Qc3 Rc6 25. Qa3 Rd8 26. Bd3 a5 27. Re3 Rd4 28. Qf8 Rd8 29. Qa3 Qd6 30. Qa4 Qc5 31. Rf3 Be6 32. b3 Rcd6 33. Qb5 Rxd3 34. Qxd3 Rxd3 35. cxd3 Qc3 36. Rf1 Bh3 37. Rb1 Qc2 38. Re1 Be6 0-1

[Event "HUN-chT2 Erkel 0910"]
[Site "Hungary"]
[Date "2009.11.22"]
[Round "2.9"]
[White "Hogye, Imre"]
[Black "Adam, Gyorgy"]
[Result "0-1"]
[WhiteElo "2114"]
[BlackElo "2060"]
[PlyCount "72"]
[EventDate "2009.11.08"]
[EventType "team-tourn"]
[EventRounds "11"]
[EventCountry "HUN"]
[SourceTitle "EXT 2011"]
[Source "ChessBase"]
[SourceDate "2010.11.26"]
[SourceVersion "1"]
[SourceVersionDate "2010.11.26"]
[SourceQuality "1"]
[WhiteTeam "Ujszasz"]
[BlackTeam "Barcza"]
[WhiteTeamCountry "HUN"]
[BlackTeamCountry "HUN"]

1. d4 Nf6 2. c4 g6 3. Nc3 d5 4. cxd5 Nxd5 5. e4 Nxc3 6. bxc3 c5 7. Nf3 Bg7 8. Be2 Nc6 9. Be3 Bg4 10. d5 Bxc3+ 11. Bd2 Bxd2+ 12. Qxd2 Bxf3 13. Bxf3 Nd4 14. Bd1 0-0 15. h4 e6 16. dxe6 Nxe6 17. Qc1 Qd4 18. Bf3 Rad8 19. Rb1 c4 20. 0-0 Nc5 21. h5 b6 22. Qc2 Qd3 23. Rfc1 Qxc2 24. Rxc2 Rd4 25. Rb4 Nxe4 26. Bxe4 Rxe4 27. Rbxc4 Rxc4 28. Rxc4 gxh5 29. Rc7 Ra8 30. Kf1 Kg7 31. Rb7 Kf6 32. Ke2 Re8+ 33. Kf3 Re7 34. Rb8 Rc7 35. g4 Rc3+ 36. Kf4 Rc4+ 0-1

[Event "HUN-chT2 Erkel 0809"]
[Site "Hungary"]
[Date "2009.04.05"]
[Round "10.6"]
[White "Domany, Mihaly"]
[Black "Hogye, Imre"]
[Result "1-0"]
[WhiteElo "2195"]
[BlackElo "2135"]
[PlyCount "71"]
[EventDate "2008.10.26"]
[EventType "team-tourn"]
[EventRounds "11"]
[EventCountry "HUN"]
[SourceTitle "EXT 2010"]
[Source "ChessBase"]
[SourceDate "2010.11.25"]
[SourceVersion "1"]
[SourceVersionDate "2010.11.25"]
[SourceQuality "1"]
[WhiteTeam "Paszto"]
[BlackTeam "Ujszasz"]
[WhiteTeamCountry "HUN"]
[BlackTeamCountry "HUN"]

1. e4 c5 2. Nf3 Nc6 3. d4 cxd4 4. Nxd4 Nf6 5. Nc3 e5 6. Ndb5 d6 7. Bg5 a6 8. Bxf6 gxf6 9. Na3 Be6 10. Nd5 Qa5+ 11. c3 Bxd5 12. exd5 Nb8 13. Nc4 Qc7 14. Qf3 Nd7 15. Ne3 0-0-0 16. g3 Kb8 17. Bh3 Be7 18. Qh5 Rdf8 19. Bf5 Nc5 20. 0-0 Bd8 21. b4 Na4 22. c4 Nb6 23. Rfc1 Be7 24. a4 Rhg8 25. a5 Nd7 26. Qf3 Rh8 27. c5 dxc5 28. d6 Bxd6 29. Bxd7 Qxd7 30. bxc5 Bc7 31. c6 Qd3 32. Rab1 Rd8 33. Rxb7+ Kc8 34. Nf5 Rhe8 35. Qg4 Re6 36. Ne7# 1-0